Nennen Sie die Wochentage in 4 Sprachen – Quiz-Sprachlektion 1 - Statistiken

Allgemein
  • Dieses Quiz wurde 85 mal gespielt
  • Das Durchschnittsergebnis liegt bei 18 aus 28
Antwortstatistiken
Hint Antwort % Korrekt
Monday
97%
Montag
97%
ENG Sunday
96%
Tuesday
96%
Friday
95%
Thursday
95%
Wednesday
95%
Dienstag
93%
Mittwoch
93%
Donnerstag
92%
Freitag
92%
Samstag
92%
Saturday
92%
D Sonntag
92%
Lundi
64%
Mercredi
62%
Mardi
54%
Jeudi
49%
F Dimanche
46%
Samedi
46%
Vendredi
45%
Maandag
14%
Donderdag
12%
Dinsdag
11%
Woensdag
11%
Vrijdag
9%
Zaterdag
9%
NL Zondag
9%
Keine übereinstimmenden Quizze gefunden
Verteilung der Resultate
Anzahl Personen mit jedem Resultat
Perzentil nach korrekt beantworteten Fragen
Ihre Resultats-Entwicklung
Sie haben dieses Quiz noch nicht gespielt